| 000 | 01033nam a22003257a 4500 | ||
|---|---|---|---|
| 003 | CHAP | ||
| 005 | 20220329143733.0 | ||
| 008 | 110512s1971 mx a r 00010 spa d | ||
| 010 | _a101164 | ||
| 011 | _a102136 | ||
| 035 | _a112824 | ||
| 040 | _cCHAP | ||
| 082 | 0 | 4 |
_a512.5 _bM33 |
| 100 | 0 | 0 |
_aMarcus, Marvin. _971313 |
| 245 | 1 | 0 |
_aElementos de álgebra lineal _c/por Marvin Marcus y Henrik Minc |
| 260 |
_aMéxico, D.F. : _bLIMUSA : _bWILEY, _c1971 |
||
| 300 |
_a243 p. : _bilus. |
||
| 534 |
_pTít. original _tElementary linear algebra _cMacmillan |
||
| 590 |
_aBATCH-UPD _b10 _c20130110 _lUCH01 _h0836 |
||
| 590 |
_aBATCH-UPD _b10 _c20130410 _lUCH01 _h0514 |
||
| 590 |
_aBATCH-UPD _b10 _c20130914 _lUCH01 _h1759 |
||
| 590 |
_aCONVERSION _b10 _c20130109 _lUCH01 _h1356 |
||
| 650 | 1 | 4 |
_aÁlgebra lineal. _982392 |
| 650 | 1 | 4 |
_aÁlgebra vectorial. _982393 |
| 650 | 1 | 4 |
_aMatrices. _973047 |
| 700 | 1 |
_aMinc, Henryk _975925 |
|
| 901 | _aBK | ||
| 942 | _cLIBRO | ||
| 949 |
_a512.5 M33 _bBC _cLIBRO _d33724002254710 _eLIBRO _h114899 _i112824 _so |
||
| 999 |
_c101164 _d101164 |
||